000 00325nam a22001457a 4500
003 OSt
008 250505b |||||||| |||| 00| 0 eng d
100 _aSWAMI,Mahatma Narayan
245 _aYog Rhsya
250 _a22th
260 _aNew Delhi
_bArya Prakashan
_c2022
300 _a152
650 _aGeneral
942 _2ddc
_cBK
999 _c13507
_d13507